[Event "ØBRO 75 år & KM"]
[Site "?"]
[Date "2011.10.15"]
[Round "2"]
[White "Mikkelsen, Nikolaj"]
[Black "Haubro, Sigfred"]
[Result "1-0"]
[WhiteElo "2384"]
[BlackElo "2109"]
[PlyCount "83"]
[EventDate "2011.??.??"]

1. e4 d5 2. exd5 Qxd5 3. Nc3 Qa5 4. d4 c6 5. Nf3 Nf6 6. Bc4 Bg4 7. h3 Bxf3 8.
Qxf3 e6 9. O-O Be7 10. Bf4 O-O 11. Rfe1 Nbd7 12. a3 Qd8 13. Rad1 Nd5 14. Bc1
Nxc3 15. Qxc3 Bf6 16. Qf3 Re8 17. Bf1 Nf8 18. g3 a5 19. a4 Qb6 20. Qc3 Rad8 21.
Be3 Ng6 22. Qc4 Qc7 23. b4 axb4 24. Qxb4 Rd7 25. c4 Qd8 26. d5 exd5 27. cxd5
Ne5 28. Bg2 cxd5 29. Bb6 Qc8 30. Rxd5 Rde7 31. Red1 Nc6 32. Qb1 h6 33. Kh2 Qe6
34. a5 Qe2 35. R5d2 Qa6 36. Bf1 Qa8 37. Rd5 Re5 38. Bg2 Qc8 39. Rd7 R5e7 40.
Rxe7 Bxe7 41. Qb5 Nb8 42. Bxb7 1-0

[Event "ØBRO 75 år & KM"]
[Site "?"]
[Date "2011.10.15"]
[Round "2"]
[White "Petersen, Steen Brustrup"]
[Black "Carstensen, Jacob"]
[Result "1/2-1/2"]
[WhiteElo "2372"]
[BlackElo "2122"]
[PlyCount "24"]
[EventDate "2011.??.??"]

1. e4 c5 2. Nc3 e6 3. Nf3 a6 4. d4 cxd4 5. Nxd4 Qc7 6. Bd3 Nf6 7. f4 d6 8. Qf3
Be7 9. Bd2 b5 10. a4 bxa4 11. Rxa4 Bb7 12. O-O Nbd7 1/2-1/2

[Event "ØBRO 75 år & KM"]
[Site "?"]
[Date "2011.10.15"]
[Round "2"]
[White "Christensen, Bo Garner"]
[Black "Haubro, Martin"]
[Result "0-1"]
[WhiteElo "2277"]
[BlackElo "2050"]
[PlyCount "92"]
[EventDate "2011.??.??"]

1. e4 c5 2. Nf3 g6 3. Bc4 Nc6 4. O-O Bg7 5. Re1 e6 6. Nc3 Nge7 7. d3 O-O 8. e5
a6 9. Bf4 Qc7 10. Qd2 Kh8 11. Bh6 f6 12. Bxg7+ Kxg7 13. exf6+ Rxf6 14. Ne4 Rxf3
15. gxf3 Nd4 16. Ng5 h6 17. c3 Ndf5 18. Nh3 Nh4 19. Qf4 Qxf4 20. Nxf4 Nxf3+ 21.
Kg2 Nxe1+ 22. Rxe1 b5 23. Bb3 Bb7+ 24. Kg1 Rf8 25. Ng2 Nd5 26. Bxd5 Bxd5 27.
Ne3 Bf3 28. a4 h5 29. axb5 axb5 30. Ra1 Ra8 31. Rxa8 Bxa8 32. f4 Kf6 33. Kf2 e5
34. Kg3 exf4+ 35. Kxf4 g5+ 36. Kg3 Ke5 37. Nc2 Bd5 38. Ne3 Bb3 39. Kf3 Be6 40.
Nf1 d5 41. Ke3 d4+ 42. cxd4+ cxd4+ 43. Ke2 h4 44. b4 g4 45. Nd2 Bd5 46. Kf2 Kf4
0-1

[Event "ØBRO 75 år & KM"]
[Site "?"]
[Date "2011.10.15"]
[Round "2"]
[White "Rhee, Alexander"]
[Black "Akdag, Dara"]
[Result "0-1"]
[WhiteElo "2102"]
[BlackElo "2218"]
[PlyCount "140"]
[EventDate "2011.??.??"]

1. c4 Nf6 2. g3 e5 3. Bg2 Nc6 4. Nf3 Bc5 5. O-O d6 6. Nc3 a6 7. d3 h6 8. Ne1
Bg4 9. h3 Be6 10. Nc2 Qd7 11. Nd5 Nh7 12. b4 Ba7 13. b5 axb5 14. cxb5 Nd4 15.
Ncb4 Nxb5 16. a4 Nd4 17. e3 Nc6 18. Nxc6 bxc6 19. Nb4 d5 20. Ba3 c5 21. Nc2
Bxh3 22. d4 Bxg2 23. Kxg2 exd4 24. exd4 O-O 25. dxc5 Qxa4 26. Nd4 Qc4 27. Rc1
Qa6 28. Ra1 Qg6 29. Re1 Ng5 30. Qb3 Qf6 31. Red1 Ne4 32. Qc2 c6 33. f3 Ng5 34.
Bb2 Qe7 35. Ra5 Qd7 36. Nf5 Ne6 37. Qc3 f6 38. Rda1 Rfd8 39. Nxh6+ Kf8 40. Ng4
d4 41. Qd3 Rab8 42. Ba3 Rb7 43. Rh1 Ke7 44. Qg6 Rf8 45. Re1 Kd8 46. Nf2 Ng5 47.
Ra4 Kc8 48. Qd3 Rd8 49. Rd1 Rb5 50. Rxd4 Qxd4 51. Qf5+ Qd7 52. Rxd7 Rxd7 53. f4
Nf7 54. Ne4 Bb8 55. Qe6 Nd8 56. Qc4 Rd5 57. Kh3 Rd1 58. Nc3 Rh1+ 59. Kg2 Rhb1
60. Nxb1 Rxb1 61. Qg8 Rb7 62. Kh3 Re7 63. Kg4 Bc7 64. Bb4 Kd7 65. Kf5 Ne6 66.
Kg6 Re8 67. Qh7 Nf8+ 68. Kxg7 Nxh7 69. Kxh7 f5 70. Kg6 Ke6 0-1

[Event "ØBRO 75 år & KM"]
[Site "?"]
[Date "2011.10.15"]
[Round "2"]
[White "Rostgaard, Tobias"]
[Black "Andersen, Jørgen Fabricius"]
[Result "1-0"]
[WhiteElo "2198"]
[BlackElo "1994"]
[PlyCount "95"]
[EventDate "2011.??.??"]

1. d4 Nf6 2. c4 e6 3. g3 d5 4. Bg2 dxc4 5. Nf3 Nbd7 6. O-O c5 7. Na3 cxd4 8.
Nxc4 Nb6 9. Nxb6 Qxb6 10. Nxd4 Bc5 11. Nb3 Be7 12. Be3 Qd8 13. Qc2 O-O 14. Rfd1
Nd5 15. Bd2 Bd7 16. Rac1 Rc8 17. Qb1 b6 18. Be1 Rxc1 19. Qxc1 Qa8 20. e4 Nf6
21. e5 Nd5 22. Nd4 Rc8 23. Qb1 Qb8 24. Qe4 Qc7 25. Bf1 g6 26. Bd2 Bf8 27. Ba6
Re8 28. Rc1 Qb8 29. Bd3 Rc8 30. Re1 Nb4 31. Bb1 Nc6 32. Nf3 Ne7 33. Qh4 Bc6 34.
Ng5 h6 35. Nh3 Kh7 36. Bxh6 Bxh6 37. Ng5+ Kg7 38. Nxe6+ fxe6 39. Qxe7+ Kh8 40.
Qf6+ Bg7 41. Qxg6 Kg8 42. Qxe6+ Kh8 43. Qg6 Kg8 44. Qh7+ Kf8 45. e6 Be8 46. e7+
Kf7 47. Qh5+ Kf6 48. Qf5# 1-0

[Event "ØBRO 75 år & KM"]
[Site "?"]
[Date "2011.10.15"]
[Round "2"]
[White "Petersen, Nils"]
[Black "Nielsen, Steffen Slumstrup"]
[Result "1/2-1/2"]
[WhiteElo "2035"]
[BlackElo "2190"]
[PlyCount "35"]
[EventDate "2011.??.??"]

1. c4 e5 2. g3 Nf6 3. Bg2 d6 4. Nc3 g6 5. e4 Bg7 6. Nge2 O-O 7. d3 Nc6 8. O-O
Be6 9. Nd5 Ne7 10. Nxf6+ Bxf6 11. Bh6 Re8 12. Qd2 Nc6 13. h4 a6 14. Rac1 Qd7
15. Kh2 b5 16. b3 b4 17. Be3 a5 18. d4 1/2-1/2

[Event "ØBRO 75 år & KM"]
[Site "?"]
[Date "2011.10.15"]
[Round "2"]
[White "Møller, Arne"]
[Black "Taylor, Graham"]
[Result "1/2-1/2"]
[WhiteElo "1860"]
[BlackElo "2025"]
[PlyCount "78"]
[EventDate "2011.??.??"]

1. e4 c5 2. Nf3 d6 3. d4 cxd4 4. Nxd4 Nf6 5. Nc3 a6 6. Be2 e5 7. Nb3 Be7 8. O-O
O-O 9. Be3 Be6 10. f4 Qc7 11. Nd5 Nxd5 12. exd5 Bf5 13. c4 exf4 14. Bxf4 Qb6+
15. Kh1 Bg6 16. Qd2 Nd7 17. Be3 Nc5 18. Nxc5 dxc5 19. Rad1 Bd6 20. Bf4 Rae8 21.
Bxd6 Qxd6 22. Bf3 b5 23. b3 bxc4 24. bxc4 Rb8 25. Rfe1 Rb4 26. Rc1 h6 27. Qe3
Rfb8 28. Kg1 Rb2 29. Qe7 Qxe7 30. Rxe7 Rxa2 31. d6 Rd2 32. Bd5 Rd8 33. d7 Kh7
34. Bc6 Bf5 35. Re8 R8xd7 36. Bxd7 Rxd7 37. Ra8 Rd4 38. Rxa6 Bd3 39. Rc6 Bxc4
1/2-1/2

[Event "ØBRO 75 år & KM"]
[Site "?"]
[Date "2011.10.16"]
[Round "3"]
[White "Haubro, Martin"]
[Black "Mikkelsen, Nikolaj"]
[Result "0-1"]
[WhiteElo "2050"]
[BlackElo "2384"]
[PlyCount "84"]
[EventDate "2011.??.??"]

1. c4 g6 2. Nc3 Bg7 3. d4 d6 4. e4 Nf6 5. Nf3 O-O 6. Be2 c6 7. O-O Qc7 8. h3 e5
9. d5 Nh5 10. Re1 h6 11. Be3 Nf4 12. Qd2 Nxe2+ 13. Rxe2 Kh7 14. Nh2 f5 15. f3
f4 16. Bf2 Na6 17. Rd1 c5 18. a3 Bd7 19. Qd3 Rac8 20. Rc2 b6 21. Rb1 Bf6 22.
Nd1 g5 23. Be1 Rf7 24. Nf2 h5 25. Rc3 Rg7 26. b4 Rcg8 27. b5 Nb8 28. Rc2 Bc8
29. Kf1 Nd7 30. Ke2 Kg6 31. Kd1 Kf7 32. Rbb2 Kf8 33. Qf1 Bd8 34. Kc1 Nf6 35.
Qh1 Qf7 36. Kb1 Rg6 37. Bc3 Qh7 38. Qd1 g4 39. fxg4 hxg4 40. Nfxg4 Nxe4 41. Ka1
Bf5 42. Be1 Nf6 0-1

[Event "ØBRO 75 år & KM"]
[Site "?"]
[Date "2011.10.16"]
[Round "3"]
[White "Akdag, Dara"]
[Black "Rostgaard, Tobias"]
[Result "1-0"]
[WhiteElo "2218"]
[BlackElo "2198"]
[PlyCount "57"]
[EventDate "2011.??.??"]

1. d4 d5 2. c4 c6 3. Nc3 Nf6 4. Nf3 dxc4 5. a4 Bf5 6. Ne5 Nbd7 7. Nxc4 Nb6 8.
Ne5 a5 9. g3 e6 10. Bg2 Bb4 11. O-O O-O 12. Na2 Be7 13. Re1 h6 14. e4 Bh7 15.
Nd3 Qxd4 16. Be3 Qd8 17. Qb3 Nfd7 18. Red1 Qc7 19. Rac1 Rfd8 20. Nc3 Nc8 21.
Bh3 Qb8 22. Nf4 Nf8 23. Rxd8 Bxd8 24. Bxe6 fxe6 25. Nxe6 Nxe6 26. Qxe6+ Kf8 27.
Bf4 Bc7 28. Rd1 Nb6 29. Be3 1-0

[Event "ØBRO 75 år & KM"]
[Site "?"]
[Date "2011.10.16"]
[Round "3"]
[White "Bekker-Jensen, Simon"]
[Black "Petersen, Steen Brustrup"]
[Result "1-0"]
[WhiteElo "2409"]
[BlackElo "2122"]
[PlyCount "135"]
[EventDate "2011.??.??"]

1. d4 Nf6 2. c4 g6 3. g3 Bg7 4. Bg2 O-O 5. Nc3 d6 6. Nf3 Nc6 7. O-O e5 8. d5
Ne7 9. e4 Nh5 10. Ne1 c6 11. Nd3 f5 12. exf5 Bxf5 13. dxc6 bxc6 14. Nb4 Qd7 15.
Nxc6 Nxc6 16. Qd5+ Kh8 17. Qxc6 Qxc6 18. Bxc6 Rac8 19. Bd5 Nf6 20. Be3 a6 21.
Rfd1 Bg4 22. Rd2 Nxd5 23. cxd5 Rc4 24. Bg5 Rd4 25. Re1 h6 26. Be3 Rc4 27. f4
exf4 28. Bxf4 Rxc3 29. bxc3 Bxc3 30. Bxh6 Rf3 31. Re4 Bxd2 32. Bxd2 Bf5 33.
Rh4+ Kg8 34. Bb4 Rd3 35. Bxd6 Rxd5 36. Bb4 a5 37. Be1 Rb5 38. Ra4 Rb2 39. h4
Bh3 40. Rxa5 Rg2+ 41. Kh1 Re2 42. Bc3 Re3 43. Be5 Bg4 44. Bf4 Re1+ 45. Kg2 Kf7
46. a4 Re2+ 47. Kf1 Ra2 48. Ra7+ Ke6 49. a5 Kd5 50. Re7 Kc6 51. Bc7 Ra1+ 52.
Kf2 Ra2+ 53. Ke1 Ra1+ 54. Kd2 Rd1+ 55. Kc3 Bf5 56. Bf4 Rd7 57. Re2 Rd3+ 58. Kc4
Ra3 59. Kb4 Ra1 60. Re7 Rb1+ 61. Kc4 Rb7 62. Re5 Rd7 63. Rc5+ Kb7 64. Be5 Bd3+
65. Kb4 Be4 66. Rb5+ Ka7 67. Rb6 Bb7 68. Rxg6 1-0

[Event "ØBRO 75 år & KM"]
[Site "?"]
[Date "2011.10.16"]
[Round "3"]
[White "Carstensen, Jacob"]
[Black "Brøndum, Eric"]
[Result "1/2-1/2"]
[WhiteElo "2372"]
[BlackElo "2140"]
[PlyCount "92"]
[EventDate "2011.??.??"]

1. d4 Nf6 2. c4 e5 3. dxe5 Ng4 4. Nf3 Bc5 5. e3 Nc6 6. Nc3 O-O 7. Be2 Re8 8.
O-O Ngxe5 9. Nxe5 Nxe5 10. b3 a5 11. Na4 Bf8 12. f4 Ng6 13. Qd3 d6 14. e4 b6
15. Be3 Bb7 16. Nc3 Qe7 17. Rae1 a4 18. f5 Ne5 19. Qb1 axb3 20. f6 Qd7 21. axb3
Ng4 22. Bxg4 Qxg4 23. Rf4 Qh5 24. Nb5 Rac8 25. fxg7 Bxg7 26. Bd4 Re5 27. Qd3
Rg5 28. Bxg7 Rxg7 29. Nd4 Qg5 30. Qf3 Qc5 31. Qf2 Re8 32. h4 Bc8 33. Kf1 Bd7
34. Qd2 b5 35. Rc1 bxc4 36. Rxc4 Qa7 37. Nf5 Bxf5 38. exf5 Qa1+ 39. Qc1 Qa2 40.
Qc2 Qa1+ 41. Qc1 Qa2 42. Rf2 Qxb3 43. Rxc7 f6 44. Rxg7+ Kxg7 45. Qc7+ Kg8 46.
Kg1 Qg3 1/2-1/2

[Event "ØBRO 75 år & KM"]
[Site "?"]
[Date "2011.10.16"]
[Round "3"]
[White "Haubro, Sigfred"]
[Black "O'Hayv, Nikolaj"]
[Result "1-0"]
[WhiteElo "2109"]
[BlackElo "1926"]
[PlyCount "127"]
[EventDate "2011.??.??"]

1. e4 e5 2. Nf3 Nc6 3. d4 exd4 4. Nxd4 Bc5 5. Nb3 Bb6 6. Be2 Nge7 7. c4 d6 8.
O-O O-O 9. Bg5 f6 10. Bh4 Be6 11. Nc3 a6 12. Kh1 Ng6 13. Bg3 f5 14. exf5 Bxf5
15. Nd5 Ba7 16. Qd2 Nce5 17. Nd4 Bd7 18. Rae1 Ng4 19. f4 Nf6 20. Bf3 c6 21. Nc3
Re8 22. b3 Qa5 23. Rd1 Qb6 24. Nc2 Bf5 25. Bf2 Qc7 26. Bxa7 Bxc2 27. Qxc2 Rxa7
28. Ne4 Nxe4 29. Bxe4 Nf8 30. Rde1 Raa8 31. Bf3 Qf7 32. Qd2 Qf6 33. g3 Rad8 34.
Rxe8 Rxe8 35. Rd1 Rd8 36. Re1 Ng6 37. Bg4 Nf8 38. Qe3 Kf7 39. f5 Kg8 40. Qe7
Nd7 41. Qxf6 Nxf6 42. Bf3 Kf8 43. Kg2 d5 44. cxd5 Nxd5 45. g4 Nc3 46. g5 Rd2+
47. Kg3 Nxa2 48. Bh5 Rd8 49. f6 g6 50. Bg4 Rd3+ 51. Kf4 Nb4 52. Be6 Nd5+ 53.
Bxd5 Rxd5 54. Re7 Rf5+ 55. Kg4 Rb5 56. Rxh7 Rxb3 57. h4 Rb1 58. h5 Rg1+ 59. Kf4
Rf1+ 60. Ke5 Re1+ 61. Kd6 Rd1+ 62. Kc7 Rg1 63. hxg6 Rxg5 64. Rh8# 1-0

[Event "ØBRO 75 år & KM"]
[Site "?"]
[Date "2011.10.16"]
[Round "3"]
[White "Zachariasen, John"]
[Black "Christensen, Bo Garner"]
[Result "0-1"]
[WhiteElo "1923"]
[BlackElo "2277"]
[PlyCount "134"]
[EventDate "2011.??.??"]

1. Nf3 f5 2. d3 g6 3. Nbd2 Bg7 4. e4 d6 5. c3 Nc6 6. Be2 Nf6 7. Qb3 e5 8. h4
Qe7 9. Qc2 Be6 10. b3 d5 11. a4 O-O-O 12. a5 fxe4 13. dxe4 h6 14. Bb5 Nxe4 15.
Nxe4 dxe4 16. Bxc6 exf3 17. Bxf3 e4 18. Be2 Qf6 19. O-O Qxc3 20. Qxc3 Bxc3 21.
Ra3 c5 22. a6 b6 23. Bf4 Rdf8 24. Bg3 g5 25. Bc4 Bg4 26. Ra2 Rf6 27. Rc2 Bd4
28. b4 Rhf8 29. Re1 Bf5 30. Rcc1 Re8 31. bxc5 Bxc5 32. Bd5 Kd7 33. Bb7 e3 34.
Rcd1+ Ke7 35. fxe3 Kf8 36. Kh2 Bxe3 37. Rf1 Kg7 38. Rde1 Kg6 39. Rf3 Rfe6 40.
Bd5 R6e7 41. Ref1 Be4 42. Rf6+ Kg7 43. Bxe4 Rxe4 44. Rf7+ Kg6 45. R1f6+ Kh5 46.
Kh3 gxh4 47. Rf5+ Bg5 48. Bf2 Kg6 49. Rf3 R8e7 50. Rxe7 Bxe7 51. Rd3 Ra4 52.
Rd7 Bg5 53. Rxa7 Ra3+ 54. g3 hxg3 55. Bxb6 Bf4 56. Bd4 h5 57. Rg7+ Kh6 58. a7
Ra2 59. Rxg3 Bxg3 60. Kxg3 Ra3+ 61. Kh2 Kg5 62. Bb6 Kg4 63. Bc5 Ra2+ 64. Kh1 h4
65. Bg1 Kh3 66. Bd4 Ra4 67. Bg1 Ra1 0-1

[Event "ØBRO 75 år & KM"]
[Site "?"]
[Date "2011.10.16"]
[Round "3"]
[White "Nielsen, Steffen Slumstrup"]
[Black "Steenstrup, Per"]
[Result "1-0"]
[WhiteElo "2190"]
[BlackElo "1999"]
[PlyCount "83"]
[EventDate "2011.??.??"]

1. e4 e6 2. Qe2 Be7 3. Nf3 d5 4. d3 Nf6 5. g3 b6 6. e5 Nfd7 7. Bg2 c5 8. O-O
Nc6 9. c4 d4 10. Nfd2 Bb7 11. f4 Qc7 12. Ne4 O-O-O 13. a3 f5 14. exf6 gxf6 15.
f5 e5 16. Bf3 a5 17. Bh5 Kb8 18. Nbd2 Na7 19. Nf2 Nc8 20. Nde4 Nd6 21. Nxd6
Bxd6 22. Ne4 Be7 23. Bh6 Bf8 24. Bd2 Be7 25. Rfb1 Kc8 26. b3 Bc6 27. Bf7 Qb7
28. Rb2 Kc7 29. Rab1 Rb8 30. Bh6 Bf8 31. Bxf8 Rbxf8 32. Be6 Bxe4 33. dxe4 Qc6
34. Qg4 Qd6 35. Bd5 Qe7 36. b4 Rb8 37. bxa5 bxa5 38. Rb7+ Rxb7 39. Rxb7+ Kd6
40. Qd1 Rb8 41. Qa4 Rc8 42. Qxa5 1-0

[Event "ØBRO 75 år & KM"]
[Site "?"]
[Date "2011.10.16"]
[Round "3"]
[White "Andersen, Ole Bo"]
[Black "Petersen, Nils"]
[Result "1-0"]
[WhiteElo "2138"]
[BlackElo "2035"]
[PlyCount "129"]
[EventDate "2011.??.??"]

1. d4 Nf6 2. c4 e6 3. Nf3 Bb4+ 4. Bd2 c5 5. Bxb4 cxb4 6. g3 O-O 7. Bg2 d6 8.
O-O Nc6 9. Re1 e5 10. d5 Ne7 11. Nbd2 Nd7 12. a3 bxa3 13. b4 b6 14. Rxa3 Bb7
15. e4 a5 16. Qb3 axb4 17. Rxa8 Bxa8 18. Qxb4 Qc7 19. Rb1 Rb8 20. Nb3 Bb7 21.
Bh3 Rd8 22. Ne1 Bc8 23. Bxd7 Bxd7 24. Nd3 Be8 25. Nd2 Nc8 26. Nf1 f6 27. Ne3
Bd7 28. Nb2 Qc5 29. Na4 Qxb4 30. Rxb4 Bxa4 31. Rxa4 g6 32. Kf1 Kf7 33. Ke2 Ke7
34. Nc2 Kd7 35. Nb4 Kc7 36. Nc6 Re8 37. Ke3 Kb7 38. f4 h5 39. Ra1 exf4+ 40.
gxf4 Rg8 41. Kd4 g5 42. fxg5 fxg5 43. Rf1 Rg7 44. Nd8+ Kb8 45. Ne6 Rg8 46. Rf5
Ne7 47. Rxg5 Rxg5 48. Nxg5 Ng6 49. Nf3 Kc7 50. e5 dxe5+ 51. Nxe5 Ne7 52. Nf7
Kd7 53. Ke5 Ng6+ 54. Kf6 Nh4 55. Ne5+ Kd6 56. Kg5 Ng2 57. Nf3 h4 58. Nxh4 Ne1
59. Nf5+ Ke5 60. h4 Nf3+ 61. Kg6 Nxh4+ 62. Nxh4 b5 63. cxb5 Kxd5 64. Nf5 Kc5
65. Nd4 1-0

[Event "ØBRO 75 år & KM"]
[Site "?"]
[Date "2011.10.17"]
[Round "4"]
[White "Mikkelsen, Nikolaj"]
[Black "Akdag, Dara"]
[Result "1-0"]
[WhiteElo "2384"]
[BlackElo "2218"]
[PlyCount "42"]
[EventDate "2011.??.??"]
[WhiteClock "0:00:56"]
[BlackClock "0:00:15"]

1. e4 c5 2. Nc3 d6 3. f4 Nc6 4. Nf3 g6 5. Bc4 Bg7 6. O-O e6 7. d3 Nge7 8. Qe1
O-O 9. f5 exf5 10. Qh4 b5 11. Nxb5 d5 12. exd5 Nb4 13. d6 Nec6 14. Bg5 Qb6 15.
Nc7 Rb8 16. c3 Nc2 17. Rab1 Ne5 18. Nxe5 Bxe5 19. Nd5 Qxd6 20. Be7 Qc6 21. Bxf8
Kxf8 1-0

[Event "ØBRO 75 år & KM"]
[Site "?"]
[Date "2011.10.17"]
[Round "4"]
[White "Nielsen, Steffen Slumstrup"]
[Black "Bekker-Jensen, Simon"]
[Result "0-1"]
[WhiteElo "2190"]
[BlackElo "2409"]
[PlyCount "76"]
[EventDate "2011.??.??"]
[TimeControl "7200"]
[WhiteClock "0:00:00"]
[BlackClock "0:00:20"]

1. e4 c5 2. Nf3 d6 3. d4 Nf6 4. Nc3 cxd4 5. Nxd4 a6 6. Bg5 Nbd7 7. f4 Qc7 8.
Qf3 h6 9. Bxf6 Nxf6 10. Bd3 g6 11. h3 Bg7 12. O-O-O O-O 13. g4 e5 14. Nde2 exf4
15. Nxf4 Qc5 16. Rhf1 Be6 17. Kb1 Qe5 18. Rf2 b5 19. Nfd5 Bxd5 20. exd5 b4 21.
Re2 Qd4 22. Na4 Nd7 23. Re4 Qxd5 24. Bc4 Qc6 25. Bb3 Ne5 26. Qe2 a5 27. h4 Kh8
28. h5 g5 29. Bd5 Qxa4 30. Bxa8 Rxa8 31. Rxd6 Qe8 32. Qd1 Qe7 33. Qd5 Rc8 34.
Re1 Qc7 35. Re2 Qc4 36. Qd1 Qxg4 37. Qe1 Nc4 38. Re4 Qf5 0-1

[Event "ØBRO 75 år & KM"]
[Site "?"]
[Date "2011.10.17"]
[Round "4"]
[White "Rhee, Alexander"]
[Black "Carstensen, Jacob"]
[Result "1-0"]
[WhiteElo "2102"]
[BlackElo "2372"]
[PlyCount "116"]
[EventDate "2011.??.??"]
[WhiteClock "0:00:41"]
[BlackClock "0:00:52"]

1. Nf3 Nf6 2. c4 e6 3. g3 d5 4. Bg2 Be7 5. O-O O-O 6. d4 c6 7. Qc2 Nbd7 8. Nbd2
b6 9. e4 Bb7 10. e5 Ne8 11. cxd5 cxd5 12. Re1 Rc8 13. Qa4 Bc6 14. Qb3 b5 15.
Bf1 b4 16. Ba6 Rc7 17. Qd1 Qb8 18. Qe2 Qb6 19. Nf1 f5 20. exf6 Rxf6 21. Bd3 Nf8
22. Ne5 Qxd4 23. Ng4 Qb6 24. Nxf6+ Bxf6 25. Be3 d4 26. Bc1 e5 27. Nd2 Nd6 28.
Ne4 Bd5 29. Bd2 Nxe4 30. Bxe4 Bf7 31. Rec1 Rxc1+ 32. Rxc1 Bxa2 33. Rc6 Qd8 34.
Bxb4 Be7 35. Qa6 Bf7 36. Rc8 Qd7 37. Bf5 Qxc8 38. Qxc8 Bxb4 39. Qb8 a5 40. Qxe5
Bg6 41. Qd5+ Kh8 42. Bxg6 hxg6 43. Qxd4 Kh7 44. Qh4+ Kg8 45. Kg2 Nd7 46. Qd8+
Nf8 47. Qe8 Kh7 48. Qf7 Bd6 49. Kf3 Bc5 50. Ke4 Kh6 51. f4 Bb4 52. Kd5 Nh7 53.
Kc6 Nf6 54. h3 Bd2 55. Kb5 Kh7 56. g4 Bb4 57. f5 gxf5 58. g5 Nh5 1-0

[Event "ØBRO 75 år & KM"]
[Site "?"]
[Date "2011.10.17"]
[Round "4"]
[White "Christensen, Bo Garner"]
[Black "Haubro, Sigfred"]
[Result "0-1"]
[WhiteElo "2277"]
[BlackElo "2109"]
[PlyCount "52"]
[EventDate "2011.??.??"]
[WhiteClock "0:00:44"]
[BlackClock "0:00:45"]

1. e4 d5 2. exd5 Qxd5 3. Nc3 Qa5 4. d4 c6 5. Bc4 Nf6 6. Bd2 Qc7 7. Qe2 Bf5 8.
O-O-O e6 9. Nf3 b5 10. Nh4 Bxc2 11. Kxc2 bxc4 12. Qxc4 Be7 13. d5 exd5 14. Qe2
O-O 15. Nf5 Re8 16. Rhe1 Bf8 17. Qxe8 Nxe8 18. Rxe8 Qd7 19. Nh6+ gxh6 20. Rde1
Kg7 21. Bxh6+ Kxh6 22. Rxf8 a5 23. Rg8 Qf5+ 24. Kd1 Qd3+ 25. Kc1 Na6 26. Rg3
Nb4 0-1

[Event "ØBRO 75 år & KM"]
[Site "?"]
[Date "2011.10.17"]
[Round "4"]
[White "Rostgaard, Tobias"]
[Black "Haubro, Martin"]
[Result "0-1"]
[WhiteElo "2198"]
[BlackElo "2050"]
[PlyCount "112"]
[EventDate "2011.??.??"]
[WhiteClock "0:00:00"]
[BlackClock "0:00:02"]

1. d4 f5 2. g3 Nf6 3. Bg2 g6 4. Nf3 Bg7 5. O-O O-O 6. c4 d6 7. Nc3 c6 8. Qc2
Qc7 9. b3 e5 10. dxe5 dxe5 11. Ba3 Re8 12. Rad1 Nh5 13. e4 f4 14. Rd3 Bf6 15.
Qe2 Qf7 16. Nd2 Be6 17. Rd1 Nd7 18. Nd5 Bd8 19. Nf1 g5 20. h3 Qg6 21. g4 Nhf6
22. Nxf6+ Nxf6 23. Bd6 Nd7 24. Nh2 c5 25. Nf3 Bf6 26. Nd2 b6 27. Nb1 Kg7 28.
Nc3 a6 29. Bc7 Qf7 30. Nd5 Rac8 31. Bd6 Bxd5 32. Rxd5 Re6 33. Bf3 Qe8 34. Qb2
Rc6 35. a3 Qc8 36. Be2 Nf8 37. b4 cxb4 38. axb4 Qb7 39. Bxe5 Rxe5 40. Rxe5 Kg6
41. Qd4 Qc7 42. Rxg5+ Kxg5 43. Qd5+ Be5 44. h4+ Kxh4 45. Kg2 Kg5 46. b5 axb5
47. cxb5 Rc2 48. Rh1 Rc5 49. Rh5+ Kg6 50. Qd3 Ne6 51. Qh3 f3+ 52. Kg1 fxe2 53.
Rh6+ Kf7 54. Rxh7+ Bg7 55. Qf3+ Ke7 56. Qxe2 Rc1+ 0-1

[Event "ØBRO 75 år & KM"]
[Site "?"]
[Date "2011.10.17"]
[Round "4"]
[White "Brøndum, Eric"]
[Black "Taylor, Graham"]
[Result "1/2-1/2"]
[WhiteElo "2140"]
[BlackElo "2025"]
[PlyCount "77"]
[EventDate "2011.??.??"]
[WhiteClock "0:00:08"]
[BlackClock "0:00:30"]

1. Nf3 Nf6 2. g3 d5 3. Bg2 c5 4. b3 Nc6 5. Bb2 Bg4 6. h3 Bh5 7. d3 e6 8. Nbd2
Qc7 9. O-O Be7 10. a3 O-O 11. e4 d4 12. g4 Bg6 13. Nh4 e5 14. Nf5 h5 15. Re1
hxg4 16. hxg4 Nh7 17. Nf1 Ng5 18. N1g3 Ne6 19. Kh2 Bg5 20. Rh1 Bf4 21. Kg1 Bxg3
22. fxg3 b5 23. Qd2 f6 24. Rf1 c4 25. Bc1 cxb3 26. cxb3 Rac8 27. b4 a5 28. bxa5
Nxa5 29. Qb4 Nc5 30. Bd2 Nab3 31. Rb1 Nxd2 32. Qxd2 Bxf5 33. exf5 e4 34. Qf4
Qxf4 35. gxf4 Nxd3 36. Bxe4 Nxf4 37. Rf1 Ne2+ 38. Kf2 Nc3 39. Bd3 1/2-1/2

[Event "ØBRO 75 år & KM"]
[Site "?"]
[Date "2011.10.17"]
[Round "4"]
[White "Nielsen, Jens Holm"]
[Black "Andersen, Ole Bo"]
[Result "1/2-1/2"]
[WhiteElo "1898"]
[BlackElo "2138"]
[PlyCount "109"]
[EventDate "2011.??.??"]
[WhiteClock "0:00:02"]
[BlackClock "0:00:01"]

1. f4 d5 2. Nf3 Nf6 3. e3 Bg4 4. h3 Bxf3 5. Qxf3 c6 6. b3 Nbd7 7. Bb2 Qc7 8. g4
O-O-O 9. g5 Ne8 10. c4 dxc4 11. Bxc4 e5 12. fxe5 Nc5 13. d4 Ne6 14. Bxe6+ fxe6
15. Nc3 Bb4 16. a3 Rf8 17. Qe2 Bxc3+ 18. Bxc3 Rf5 19. h4 Qb6 20. b4 Nc7 21. Rf1
Rdf8 22. Rxf5 Rxf5 23. Bd2 a5 24. Rc1 axb4 25. axb4 Kd7 26. Qc4 Rf3 27. Ke2 Rh3
28. Rf1 Nd5 29. Rf7+ Ke8 30. Rxg7 Rh2+ 31. Kd3 Qa7 32. Rxh7 Qa1 33. Rh8+ Kf7
34. Qc1 Qa6+ 35. Ke4 Qe2 36. Rh7+ Kg8 37. Rh6 Rf2 38. Rf6 Nxf6+ 39. exf6 Qxd2
40. Qxd2 Rxd2 41. g6 Rh2 42. Ke5 Rxh4 43. e4 b5 44. Kd6 Rxe4 45. Ke7 Rf4 46. g7
Rf1 47. Kxe6 Re1+ 48. Kd6 Re4 49. Kxc6 Rxd4 50. Kxb5 Kf7 51. Kc5 Rg4 52. b5
Kxf6 53. b6 Rxg7 54. Kc6 Rg1 55. b7 1/2-1/2

[Event "ØBRO 75 år & KM"]
[Site "?"]
[Date "2011.10.17"]
[Round "4"]
[White "Petersen, Nils"]
[Black "Petersen, Martin Reib "]
[Result "1/2-1/2"]
[WhiteElo "2035"]
[BlackElo "1969"]
[PlyCount "89"]
[EventDate "2011.??.??"]

1. c4 e5 2. g3 d6 3. Nc3 g6 4. Bg2 Bg7 5. e4 Ne7 6. Nge2 Nbc6 7. d3 h6 8. O-O
O-O 9. Be3 Nd4 10. Bxd4 exd4 11. Nd5 c6 12. Nxe7+ Qxe7 13. Qd2 Be6 14. Nf4 Rad8
15. Rfe1 Qd7 16. Rac1 Kh7 17. b4 f5 18. Nxe6 Qxe6 19. Bh3 Qf7 20. exf5 gxf5 21.
f4 Qh5 22. Kg2 d5 23. c5 Rde8 24. Rxe8 Rxe8 25. Re1 Rxe1 26. Qxe1 Qf7 27. Qe2
h5 28. Kf2 Kh6 29. Bg2 Bf6 30. h3 Qe7 31. Qxe7 Bxe7 32. Bf3 b6 33. cxb6 axb6
34. b5 cxb5 35. Bxd5 Bd6 36. Kf3 Kg6 37. Bc6 b4 38. Be8+ Kh6 39. h4 Bc5 40. Bf7
b3 41. Bxb3 Bb4 42. Ke2 Bc3 43. a4 Bb4 44. Bf7 Bc3 45. Kd1 1/2-1/2

[Event "ØBRO 75 år & KM"]
[Site "?"]
[Date "2011.10.18"]
[Round "5"]
[White "Bekker-Jensen, Simon"]
[Black "Mikkelsen, Nikolaj"]
[Result "1/2-1/2"]
[WhiteElo "2409"]
[BlackElo "2384"]
[PlyCount "87"]
[EventDate "2011.??.??"]

1. Nf3 Nf6 2. c4 Nc6 3. d4 e6 4. a3 d6 5. Nc3 g6 6. g3 Bg7 7. Bg2 O-O 8. O-O
Re8 9. h3 a6 10. d5 Ne7 11. e4 exd5 12. cxd5 c6 13. dxc6 bxc6 14. e5 Nfd5 15.
exd6 Qxd6 16. Bf4 Qd8 17. Be5 Nxc3 18. bxc3 Qxd1 19. Rfxd1 Be6 20. Rab1 Bd5 21.
Bxg7 Kxg7 22. Rb7 Rab8 23. Rdb1 Rxb7 24. Rxb7 Nf5 25. Ra7 Bc4 26. Bf1 Bd5 27.
Bg2 Bc4 28. Rc7 Bd5 29. c4 Bxc4 30. g4 Ne7 31. Ne5 Bd5 32. Nxc6 Bxc6 33. Bxc6
Nxc6 34. Rxc6 a5 35. Rc5 a4 36. Rc4 Ra8 37. f4 Ra5 38. Kf2 h5 39. Kg3 Kh6 40.
Kf3 Rb5 41. Rxa4 Rb3+ 42. Kg2 hxg4 43. hxg4 f5 44. gxf5 1/2-1/2

[Event "ØBRO 75 år & KM"]
[Site "?"]
[Date "2011.10.18"]
[Round "5"]
[White "Akdag, Dara"]
[Black "Haubro, Martin"]
[Result "1-0"]
[WhiteElo "2218"]
[BlackElo "2050"]
[PlyCount "59"]
[EventDate "2011.??.??"]

1. d4 f5 2. g3 Nf6 3. Bg2 d6 4. Nf3 g6 5. b4 Bg7 6. Bb2 O-O 7. c4 c6 8. O-O a5
9. b5 Ne4 10. Nbd2 Be6 11. a4 Nxd2 12. Nxd2 Qb6 13. e3 Nd7 14. Qc2 cxb5 15.
cxb5 Rac8 16. Qd3 Bf7 17. Rac1 e5 18. Nc4 Bxc4 19. Rxc4 e4 20. Qc2 Rxc4 21.
Qxc4+ Rf7 22. Rc1 Bf8 23. Bf1 Nf6 24. Qe6 Qd8 25. Rc8 Qd7 26. d5 Ng4 27. Qxd7
Rxd7 28. b6 Kf7 29. Rc7 Re7 30. Ba3 1-0

[Event "ØBRO 75 år & KM"]
[Site "?"]
[Date "2011.10.18"]
[Round "5"]
[White "Haubro, Sigfred"]
[Black "Rhee, Alexander"]
[Result "1/2-1/2"]
[WhiteElo "2109"]
[BlackElo "2102"]
[PlyCount "77"]
[EventDate "2011.??.??"]

1. e4 g6 2. d4 Bg7 3. h3 Nf6 4. Nc3 d5 5. exd5 Nxd5 6. Nf3 c5 7. Nxd5 Qxd5 8.
Bb5+ Nc6 9. Bxc6+ bxc6 10. dxc5 Ba6 11. Qxd5 cxd5 12. c3 Rb8 13. a4 O-O 14. Ra3
e5 15. b4 Bc4 16. Nd2 Bd3 17. Nb3 d4 18. Bd2 dxc3 19. Bxc3 Rfd8 20. Na5 Rbc8
21. f3 Bh6 22. Kf2 e4 23. fxe4 Bxe4 24. Re1 f5 25. Nc4 Bf8 26. Bf6 Rd7 27. Nd6
Bxd6 28. cxd6 Rxd6 29. Rc3 Re8 30. Bg5 Rd4 31. Rc7 a6 32. b5 axb5 33. axb5 Rb4
34. Rd1 Rb2+ 35. Rd2 Rxd2+ 36. Bxd2 Rb8 37. Bh6 Rxb5 38. Rg7+ Kh8 39. Rf7
1/2-1/2